| 000 | 01005cam a2200193 4500 | ||
|---|---|---|---|
| 001 | WB3944-05 | ||
| 008 | 031118n2003 000 0 eng u | ||
| 035 | _a(Sirsi) u124362 | ||
| 245 | _aCommercial property joins the isurv family | ||
| 260 | _c2003 | ||
| 490 |
_aRICS Commercial Property Faculty News _v 14 November 2003 (2) |
||
| 520 | _aRICS books have launched a new online information subscription service, isurv.co.uk, which is an essential tool for all surveyors involved in managing commercial property leases, providing clear advice on day-to-day issues. It includes full text versions of relevant guidance notes and information papers. To find out more information go to http://www.isurv.co.uk. http://www.rics.org/ricscms/bin/show?class=News&template=/includes/shownews.html&id=7582&faculty=Commercial%20Property&faculty=All%20Faculties | ||
| 590 | _aWB | ||
| 650 | _aONLINE SERVICES | ||
| 650 | _aGUIDANCE | ||
| 650 | _aLEASES | ||
| 690 | _aPROPERTY-COMMERCIAL PROPERTY | ||
| 942 | _n0 | ||
| 999 |
_c73802 _d73802 |
||